[Event "Helsingor Xtracon op"]
[Site "Helsingor"]
[Date "2017.07.24"]
[Round "4"]
[White "Horslund, Mikael"]
[Black "Gelders, Eline"]
[Result "1-0"]
[WhiteElo "1726"]
[BlackElo "1298"]
[PlyCount "83"]
[EventDate "2017.07.22"]
[EventType "swiss"]
[EventRounds "10"]
[EventCountry "DEN"]
[SourceTitle "CBM 179 Extra"]
[Source "ChessBase"]
[SourceDate "2017.08.23"]
[SourceVersion "1"]
[SourceVersionDate "2017.08.23"]
[SourceQuality "1"]

1. d4 d5 2. c4 dxc4 3. e3 Nf6 4. Bxc4 Bf5 5. Nc3 Nc6 6. Nf3 e6 7. Qa4 a6 8. Ne5 Bd6 9. Nxc6 bxc6 10. Qxc6+ Nd7 11. e4 Bg6 12. Bg5 Qc8 13. 0-0 0-0 14. f4 h6 15. Bh4 Nb6 16. Bb3 Qd7 17. Qxd7 Nxd7 18. g4 Kh8 19. Rac1 Rfe8 20. Ba4 f6 21. Bxd7 Re7 22. Bc6 Rf8 23. a3 Ref7 24. Ba4 Bh7 25. Bb3 Re8 26. f5 Rff8 27. Bxe6 Bg8 28. d5 Kh7 29. Rfd1 Bf4 30. Rc2 g5 31. Bg3 Bd6 32. Ne2 Re7 33. Nd4 Ree8 34. Kg2 Kh8 35. Rh1 Kg7 36. h4 Bf7 37. Bxd6 cxd6 38. Rc7 Rb8 39. b4 Kg8 40. hxg5 hxg5 41. Rc3 Kg7 42. Rch3 1-0

[Event "Helsingor Xtracon op"]
[Site "Helsingor"]
[Date "2017.07.22"]
[Round "1"]
[White "Gelders, Eline"]
[Black "Greeuw, Sietske"]
[Result "0-1"]
[WhiteElo "1298"]
[BlackElo "1964"]
[PlyCount "44"]
[EventDate "2017.07.22"]
[EventType "swiss"]
[EventRounds "10"]
[EventCountry "DEN"]
[SourceTitle "CBM 179 Extra"]
[Source "ChessBase"]
[SourceDate "2017.08.23"]
[SourceVersion "1"]
[SourceVersionDate "2017.08.23"]
[SourceQuality "1"]

1. e4 c5 2. Nc3 Nc6 3. f4 g6 4. Nf3 Bg7 5. d3 d6 6. g3 e6 7. Bg2 Nge7 8. Be3 Rb8 9. a4 a6 10. Qd2 Nd4 11. Rb1 Nec6 12. Ne2 Bd7 13. Nexd4 Nxd4 14. b3 b5 15. axb5 Nxb5 16. d4 cxd4 17. Nxd4 Qc7 18. Nxb5 Bxb5 19. Bf1 Bc3 20. Qxc3 Qxc3+ 21. Bd2 Qxc2 22. Rc1 Qxe4+ 0-1